000 00511 a2200169 4500
005 20250528150211.0
020 _a978-81-203-3321-5
082 _a330.024 RED
100 _aREDDY, M. K.
245 _aManagerial Economics and Financial Accounting.
250 _a2rd Ed
260 _aNew Delhi,
_bPHI Learning,
_c2012.
300 _axiv, 578p.: ill.; figure, table
_bGlossary & Index
_c24cm.
700 _aSARASWATHI, S.
856 _yAccess Online Book
_fFinancial Accounting
_dwww.phindia.com
942 _2ddc
_cBKS
999 _c2789
_d2789